[Event "POL-chT Region 0607"]
[Site "Poland"]
[Date "2007.01.28"]
[Round "6"]
[White "Rynkel, Aleksandra"]
[Black "Nawrocka, Agata"]
[Result "0-1"]
[WhiteElo "1100"]
[BlackElo "1600"]
[PlyCount "38"]
[EventDate "2006.11.12"]
[EventType "team"]
[EventRounds "11"]
[EventCountry "POL"]
[SourceTitle "EXT 2008"]
[Source "ChessBase"]
[SourceDate "2007.11.25"]
[SourceVersion "1"]
[SourceVersionDate "2007.11.25"]
[SourceQuality "1"]

1. e4 e5 2. Nf3 Nc6 3. Nc3 d6 4. d3 Bg4 5. h3 Bh5 6. g4 Bg6 7. Bg5 f6 8. Bh4 h6 9. Qd2 Qd7 10. Nb5 a6 11. Na3 0-0-0 12. c3 d5 13. b4 dxe4 14. dxe4 Bxe4 15. Nd4 exd4 16. cxd4 Bxb4 17. Nc4 Bxd2+ 18. Kxd2 Qxd4+ 19. Ke1 Qxa1+ 0-1

[Event "POL-chT Region 0607"]
[Site "Poland"]
[Date "2006.11.19"]
[Round "2"]
[White "Mankowska, Marta"]
[Black "Rynkel, Aleksandra"]
[Result "1-0"]
[WhiteElo "1000"]
[BlackElo "1100"]
[PlyCount "43"]
[EventDate "2006.11.12"]
[EventType "team"]
[EventRounds "11"]
[EventCountry "POL"]
[SourceTitle "EXT 2008"]
[Source "ChessBase"]
[SourceDate "2007.11.25"]
[SourceVersion "1"]
[SourceVersionDate "2007.11.25"]
[SourceQuality "1"]

1. e4 e5 2. d3 f6 3. Be2 g6 4. Nf3 h5 5. g3 Nc6 6. c3 Nce7 7. 0-0 d6 8. Re1 c5 9. c4 Nh6 10. Bf1 Ng4 11. h3 Nh6 12. Nc3 Bd7 13. Bd2 Qc7 14. h4 g5 15. hxg5 Ng4 16. gxf6 Nc8 17. Nd5 Bc6 18. Bg5 Qd7 19. Nh4 Ba4 20. Qd2 Bh6 21. b3 Bc6 22. Ng6 1-0